000
00312nam a2200133Ia 4500
100
_a
Malvino.A.P
942
_c
BK
654
_a
semiconductor
245
_a
Semiconductor circuit approximations
260
_b
Tata Mc Graw hill
_a
New Delhi
_c
1988
082
_a
621.38153
_b
MAL
300
_a
441
546
_a
ENGLISH
999
_c
21306
_d
21306